| 000 | 00523nam a2200157Ia 4500 | ||
|---|---|---|---|
| 008 | 100122s9999 xx 000 0 und d | ||
| 082 |
_b61342 _a823 |
||
| 100 | _aहेली आर्थर | ||
| 245 | _aफायनल डायग्नोसिस | ||
| 260 |
_bउत्कर्ष प्रकाशन _c1998 |
||
| 300 | _a253 | ||
| 630 | _aफायनल डायग्नोसिस | ||
| 700 | _aमांडे अरुण | ||
| 730 | _aफायनल डायग्नोसिस | ||
| 942 | _cBOOK | ||
| 999 |
_c436125 _d436122 |
||